History Quiz

Random History or Politics Quiz

US Presidents by Approval Rating Graphs Quiz Stats

Quiz not verified by Sporcle

Challenge
Share
Tweet
Score 0/11 Timer 05:00
0 Plays Today
% Correct
George W. Bush
75.9%
Richard Nixon
55.4%
Bill Clinton
49.3%
George H. W. Bush
48.4%
Ronald Reagan
34%
John F. Kennedy
27.1%
Jimmy Carter
26.7%
Gerald R. Ford
24.7%
Lyndon B. Johnson
23.6%
Dwight D. Eisenhower
20.6%
Harry S. Truman
15.4%

You're not logged in!

Compare scores with friends on all Sporcle quizzes.
Sign Up with Email
OR
Log In

You Might Also Like...

Show Comments

Extras

Top Quizzes Today


Score Distribution

Your Account Isn't Verified!

In order to create a playlist on Sporcle, you need to verify the email address you used during registration. Go to your Sporcle Settings to finish the process.